| 000 | 00880nam a2200277 a 4500 | ||
|---|---|---|---|
| 001 | 26354 | ||
| 003 | CO-ViMGA | ||
| 005 | 20230915223420.0 | ||
| 008 | 141112s2004 ck r 000 u spa d | ||
| 020 | _a9681645510 | ||
| 035 | _aAGR6556 LA | ||
| 040 |
_aCO-ViMGA _bspa _cCO-ViMGA |
||
| 041 | _aspa eng | ||
| 043 | _an - us - - - | ||
| 082 | 0 | 4 | _aI813.5 S41b |
| 100 | 1 |
_aSharpe, Susan. _93457 |
|
| 245 | 1 | 0 |
_aLa búsqueda del espíritu / _cSusan Sharpe ; ilustraciones de Joel Rendón ; traducción de Mónica Mansour. |
| 260 |
_aMéxico : _bFondo de Cultura Económica, _c1994. |
||
| 300 | _a119 p. : il. ; 19 cm. | ||
| 490 | 0 | _aA la orilla del viento. Para los grandes lectores ; 57 | |
| 650 | 1 | 4 | _aCuentos juveniles estadounidenses. |
| 700 | 1 |
_aRendón, Joel, il. _93459 |
|
| 942 |
_2ddc _cBK |
||
| 949 | _an n | ||
| 999 |
_c9897 _d9897 |
||